ბათუმის შოთა რუსთაველის სახელმწიფო უნივერსიტეტის ბიბლიოთეკა

Научные основы интенсивной технологии маточного мандарино вого сада / (ბიბ.ჩანაწერი № 37481)

000 -LEADER
fixed length control field 01133nam a2200229Ia 4500
001 - CONTROL NUMBER
control field 3443
003 - CONTROL NUMBER IDENTIFIER
control field GE_BSU
005 - DATE AND TIME OF LATEST TRANSACTION
control field 20221028124452.0
008 - FIXED-LENGTH DATA ELEMENTS--GENERAL INFORMATION
fixed length control field 181216s1994ru xx |||||||||||||| ||rus||
040 ## - CATALOGING SOURCE
Transcribing agency GE_BSU
041 ## - LANGUAGE CODE
Language code of text/sound track or separate title rus
080 ## - UNIVERSAL DECIMAL CLASSIFICATION NUMBER
Universal Decimal Classification number 634.32 Д-40
100 ## - MAIN ENTRY--PERSONAL NAME
Personal name Джинчарадзе, Гиви.
9 (RLIN) 15631
245 ## - TITLE STATEMENT
Title Научные основы интенсивной технологии маточного мандарино вого сада /
Statement of responsibility, etc. Гиви Джинчарадзе, Резо Джабнидзе, Ред. М. Гоголишвили
264 ## - PRODUCTION, PUBLICATION, DISTRIBUTION, MANUFACTURE, AND COPYRIGHT NOTICE
Place of production, publication, distribution, manufacture Батуми :
Name of producer, publisher, distributor, manufacturer Аджара,
Date of production, publication, distribution, manufacture, or copyright notice 1994.
300 ## - PHYSICAL DESCRIPTION
Extent 231 с.:
Other physical details 20 см.
653 ## - INDEX TERM--UNCONTROLLED
keyword Научные основы интенсивной технологии маточного мандаринового сада
653 ## - INDEX TERM--UNCONTROLLED
keyword მანდარინის ბაღის ინტენსიური ტექნოლოგიის სამეცნიერო საფუძველი
700 ## - ADDED ENTRY--PERSONAL NAME
Personal name Джабнидзе, Резо.
9 (RLIN) 15632
700 ## - ADDED ENTRY--PERSONAL NAME
Personal name Гоголишвили, М.
Relator term რედაქტორი
9 (RLIN) 15633
942 ## - ADDED ENTRY ELEMENTS (KOHA)
Koha item type წიგნი
Source of classification or shelving scheme
ეგზემპლარები
Withdrawn status Lost status Source of classification or shelving scheme Damaged status Not for loan Permanent Location Current Location Shelving location Date acquired Full call number Barcode Date last seen Copy number Price effective from Koha item type
          ბათუმის შოთა რუსთაველის სახელმწიფო უნივერსიტეტის მთავარი ბიბლიოთეკა ბათუმის შოთა რუსთაველის სახელმწიფო უნივერსიტეტის მთავარი ბიბლიოთეკა წიგნსაცავი 2018-12-17 634.32 Д-40 4952 2018-12-17 4952 2018-12-17 წიგნი
          ბათუმის შოთა რუსთაველის სახელმწიფო უნივერსიტეტის მთავარი ბიბლიოთეკა ბათუმის შოთა რუსთაველის სახელმწიფო უნივერსიტეტის მთავარი ბიბლიოთეკა წიგნსაცავი 2018-12-17 634.32 Д-40 4953 2018-12-17 4953 2018-12-17 წიგნი
          ბათუმის შოთა რუსთაველის სახელმწიფო უნივერსიტეტის მთავარი ბიბლიოთეკა ბათუმის შოთა რუსთაველის სახელმწიფო უნივერსიტეტის მთავარი ბიბლიოთეკა წიგნსაცავი 2018-12-17 634.32 Д-40 4954 2018-12-17 4954 2018-12-17 წიგნი
          ბათუმის შოთა რუსთაველის სახელმწიფო უნივერსიტეტის მთავარი ბიბლიოთეკა ბათუმის შოთა რუსთაველის სახელმწიფო უნივერსიტეტის მთავარი ბიბლიოთეკა წიგნსაცავი 2018-12-17 634.32 Д-40 4955 2018-12-17 4955 2018-12-17 წიგნი
          ბათუმის შოთა რუსთაველის სახელმწიფო უნივერსიტეტის მთავარი ბიბლიოთეკა ბათუმის შოთა რუსთაველის სახელმწიფო უნივერსიტეტის მთავარი ბიბლიოთეკა წიგნსაცავი 2018-12-17 634.32 Д-40 4956 2018-12-17 4956 2018-12-17 წიგნი